| 000 | 01217cam a2200385 a 4500 | ||
|---|---|---|---|
| 001 | 22674 | ||
| 003 | SK-KTurca | ||
| 005 | 20260415143214.0 | ||
| 008 | 251104s1976 xo grn 000 p slo | ||
| 015 | _aSNBA1976 | ||
| 020 | _q(viazané) | ||
| 035 | _aSNK000288296 | ||
| 035 | _a563795C5-C699-468B-B853-C451F8D4DC52 | ||
| 035 | _aurn:nbn:sk:snk-am00idnm | ||
| 040 |
_aSNK _bslo _cSNK _eAACR2 |
||
| 041 | 0 | _aslo | |
| 044 |
_axo _cSK |
||
| 072 | 7 |
_a821.162.4-1 _xSlovenská poézia _2konspekt |
|
| 080 |
_a821.162.4-1 _22011 |
||
| 080 |
_a82‑14 _22011 |
||
| 100 | 1 |
_aRázusová-Martáková, Mária, _d1905-1964 _4aut |
|
| 245 | 1 | 0 |
_aVyznania _cMária Rázusová-Martáková ; [zostavil, edične pripravil, doslov a poznámky napísal Ondrej Sliacky] |
| 250 | _a1. vyd. | ||
| 260 |
_aBratislava _bTatran _c1976 |
||
| 300 |
_a168 strán _c21 cm |
||
| 366 | _e4000 kusov | ||
| 490 | 1 |
_aSlovenská tvorba _vzv. 63 |
|
| 504 | _aObsahuje bibliografické odkazy | ||
| 655 | 7 |
_aslovenská poézia _2SNKPH |
|
| 655 | 7 |
_alyrická poézia _2SNKPH |
|
| 700 | 1 |
_aSliacky, Ondrej, _d1941- _4com _4edt _4aft _4cwt |
|
| 830 | 0 | _aSlovenská tvorba | |
| 942 |
_2ddc _cKLDO _n0 |
||
| 999 |
_c22674 _d22674 |
||